Cúrame - Rauw Alejandro - Estadísticas

Estadísticas generales
  • Esta prueba ha sido intentada 93 veces
  • La puntuación promedio es 235 de 323
Estadísticas de respuestas
Letra % Correcto
(A
100%
me
100%
Me
100%
el
98%
El
98%
no
98%
No
98%
98%
tu
98%
Tu
98%
cúrame
95%
de
95%
es
95%
te
95%
Y
95%
y
95%
ella
93%
esta
93%
está
93%
noche
93%
un
93%
Hace
91%
hace
91%
91%
mi
91%
pero
91%
se
91%
Se
91%
del
89%
ere'
89%
la
89%
La
89%
caí
86%
cielo
86%
deseo
86%
días
86%
que
86%
unos
86%
to'
84%
aunque
82%
má'
82%
sea
82%
mentira
80%
tengo
80%
ve
80%
ex
77%
su
77%
ven
77%
cerca
75%
En
75%
en
75%
escote)
75%
le
75%
Quédate
75%
quiere
75%
quiéreme
75%
Ra-
75%
tachá')
75%
amor
73%
culo'
73%
marihua'
73%
marihua
73%
sube
73%
también
73%
alcohol
70%
aquella
70%
gusta
70%
las
70%
los
70%
vario'
70%
ahora
68%
bote'
68%
Cómo
68%
cómo
68%
diablo
68%
necesario
68%
pobre
68%
Si
68%
si
68%
soy
68%
botellas
66%
diario
66%
guaya
66%
nombre
66%
Drogas
64%
tose)
64%
yo
64%
doce
61%
Juro
61%
rato
61%
VIP
61%
fuck?
59%
solitario
59%
the
59%
what
59%
brilla
57%
desquito
57%
estrella
57%
(Guayando
57%
Son
57%
tiene'
57%
borra'o
55%
una
55%
bellaco
52%
juego
52%
agacha)
50%
llegan
50%
lo
50%
sigue
50%
Baila
48%
baila
48%
Solo
48%
arrebató
45%
bailando
45%
cachá'
45%
hay
45%
humo
45%
ni
45%
programada
45%
Rauw
45%
sofoque
45%
agua
43%
formato
43%
incienso
43%
siguen
43%
Viniste
43%
aire
41%
ascenso
41%
cantidade'
41%
on
41%
Sin
41%
suelta
41%
bellaquera
39%
fire
39%
nos
39%
pasarse
39%
piensa'
39%
raya
39%
(Tres
39%
booty
36%
Dime
36%
Ey
36%
ey)
36%
fuego
36%
intenso
36%
momento
36%
pienso
36%
playa
36%
ropa
36%
encanta
34%
infinita
34%
prendía
34%
hacemo'
32%
nota
32%
Nadie
30%
corre
27%
(Eah
27%
toca
27%
abdomen
25%
están
25%
hebilla
20%
cachas
18%
'Tas
18%
Kenobi
16%
oh
14%
Handsome
11%
(Baby)
9%
(Yeh)
9%
(Uoh
5%
eey)
0%
(Ooh
0%
yah
0%
No se encontraron pruebas coincidentes
Distribución de puntuación
Porcentaje de gente con cada puntuación
Porcentaje por número respondido
Historial de tus puntuaciones
No has intentado esta prueba.